NATO countries on a Map - Statistics

General Stats
  • This quiz has been taken 1,224 times
    370 since last reset
  • The average score is 31 of 32
Answers on the Map
Answers color-coded by a green-red scale on the quiz's map according to % correct below.
 
Answer Stats
Country % Correct
Canada
100%
United States
100%
Denmark
99%
France
99%
Iceland
99%
Italy
99%
Norway
99%
Portugal
99%
Spain
99%
Sweden
99%
United Kingdom
99%
Finland
98%
Germany
98%
Netherlands
98%
Poland
98%
Belgium
97%
Turkey
97%
Greece
96%
Croatia
95%
Czech Republic
95%
Estonia
95%
Hungary
95%
Latvia
95%
Slovakia
95%
Luxembourg
94%
Romania
94%
Lithuania
93%
Slovenia
93%
Albania
92%
North Macedonia
92%
Bulgaria
91%
Montenegro
90%
No matching quizzes found
Score Distribution
Percent of People with Each Score
Percentile by Number Answered
Your Score History
You have not taken this quiz since the last reset